Comuni della Provincia di Novara (con mappa) - Statistics

Statistiche generali
  • Questo quiz è stato fatto 43 volte
  • Il punteggio medio è 41 su 87
Risposte nella Mappa
Le risposte nella mappa del quiz sottostante sono codificate secondo una scala di colori dal rosso al verde in base alla % di persone che hanno risposto correttamente.
 
Statistiche sulle risposte
Risposta % Corretto
Novara
100%
Arona
91%
Borgomanero
78%
Cameri
74%
Galliate
74%
Oleggio
74%
Orta San Giulio
74%
Trecate
70%
Vespolate
65%
Biandrate
57%
Briga Novarese
57%
Fara Novarese
57%
Romentino
57%
Vicolungo
57%
Bellinzago Novarese
52%
Casalino
52%
Dormelletto
52%
Ghemme
52%
Gozzano
52%
Momo
52%
Nibbiola
52%
Oleggio Castello
52%
Romagnano Sesia
52%
Vaprio d'Agogna
52%
Varallo Pombia
52%
Agrate Conturbia
48%
Boca
48%
Bolzano Novarese
48%
Borgo Ticino
48%
Caltignaga
48%
Casaleggio Novara
48%
Castelletto sopra Ticino
48%
Cerano
48%
Fontaneto d'Agogna
48%
Garbagna Novarese
48%
Paruzzaro
48%
Pella
48%
Pombia
48%
Suno
48%
Terdobbiate
48%
Bogogno
43%
Borgolavezzaro
43%
Briona
43%
Cavaglietto
43%
Cavaglio d'Agogna
43%
Invorio
43%
Landiona
43%
Lesa
43%
Marano Ticino
43%
Nebbiuno
43%
Pettenasco
43%
Prato Sesia
43%
San Maurizio d'Opaglio
43%
Vinzaglio
43%
Ameno
39%
Armeno
39%
Carpignano Sesia
39%
Casalbeltrame
39%
Cavallirio
39%
Gattico-Veruno
39%
Granozzo con Monticello
39%
Grignasco
39%
Maggiora
39%
Meina
39%
Recetto
39%
San Nazzaro Sesia
39%
San Pietro Mosezzo
39%
Sizzano
39%
Sozzago
39%
Tornaco
39%
Barengo
35%
Casalvolone
35%
Castellazzo Novarese
35%
Colazza
35%
Comignago
35%
Cureggio
35%
Divignano
35%
Mandello Vitta
35%
Massino Visconti
35%
Pogno
35%
Sillavengo
35%
Soriso
35%
Cressa
30%
Gargallo
30%
Mezzomerico
30%
Miasino
30%
Pisano
30%
Nessun quiz corrispondente trovato
Distribuzione punteggi
Percentuale di utenti per punteggio
Percentile per numero di risposta
I tuoi punteggi nel tempo
Non hai fatto questo quiz